| 000 | 00348nam a22001337a 4500 | ||
|---|---|---|---|
| 008 | 230621b xxu||||| |||| 00| 0 eng d | ||
| 020 | _a0340210303 | ||
| 082 |
_a327.6 _bALU 1977 |
||
| 100 | _cDr. O. Aluko | ||
| 245 | _aThe Foreign Policies of African States | ||
| 260 |
_aLondon _bHodder and Stoughton _c1977 |
||
| 300 | _aVI,243p | ||
| 942 |
_2ddc _cBK |
||
| 999 |
_c1967 _d1967 |
||